College physics (Record no. 2016)

MARC details
000 -LEADER
fixed length control field 00737 a2200193 4500
010 ## - LIBRARY OF CONGRESS CONTROL NUMBER
LC control number ENG-85319
020 ## - INTERNATIONAL STANDARD BOOK NUMBER
International Standard Book Number 818318636X (vol.1)
Terms of availability 750.00 each bk
035 ## - SYSTEM CONTROL NUMBER
System control number EN-68852
037 ## - SOURCE OF ACQUISITION
Source of stock number/acquisition D.B.Act / Pub
082 14 - DEWEY DECIMAL CLASSIFICATION NUMBER
Classification number 530
100 1# - MAIN ENTRY--PERSONAL NAME
Personal name Sarode, R. T.
245 1# - TITLE STATEMENT
Title College physics
Remainder of title wave mechanics and special relativity, heat, sound
Statement of responsibility, etc by R. T. Sarode
260 ## - PUBLICATION, DISTRIBUTION, ETC. (IMPRINT)
Place of publication, distribution, etc Delhi
Name of publisher, distributor, etc Himalaya Publishing House
Date of publication, distribution, etc 2007
270 ## - ADDRESS
Address Pooja Apartment, 4-B, Murari Lal Street, Ansari Road, Darya Ganj
City Delhi
Postal code 110 002
Telephone number 011-23270392
Fax number 011-23256286
Electronic mail address himpub@vsnl.com
300 ## - PHYSICAL DESCRIPTION
Extent V.1 (302p.)
Dimensions 24 cm. (Hb.)
490 ## - SERIES STATEMENT
Volume number/sequential designation 3 vols.
942 ## - ADDED ENTRY ELEMENTS (KOHA)
Institution code [OBSOLETE] dpl
Koha item type English Books
Call number prefix 530 / SAR
Holdings
Withdrawn status Lost status Source of classification or shelving scheme Damaged status Not for loan Collection code Home library Current library Source of acquisition Cost, normal purchase price Total Checkouts Full call number Barcode Date last seen Copy number Uniform Resource Identifier Cost, replacement price Price effective from Koha item type
    Dewey Decimal Classification   Not For Loan Non-fiction D.B.Act.Division D.B.Act.Division DBAD/PUB 750.00   530 SAR EN-68852 15/09/2008 1 2132 750.00 15/09/2008 English Books

© Delhi Public Library
Hit Counter
free hit counter